| 000 | 00482nam a22001577a 4500 | ||
|---|---|---|---|
| 003 | URS | ||
| 005 | 20220114172004.0 | ||
| 008 | 190221b xxu||||| |||| 00| 0 eng d | ||
| 020 | _a9781452242224 | ||
| 050 | 1 | 4 |
_aHM 786 _bSco856 2014 |
| 100 | 1 |
_aW. Richard Scott. _d2014 _eauthor |
|
| 245 | 1 | 0 |
_aInstitutions and organizations : _bideas, interest, and identities / _cW. RIchard Scott. |
| 250 | _a4th edition | ||
| 264 | 1 |
_aUnited States of America : _bSAGE , _c©2014. |
|
| 942 |
_2lcc _cFR |
||
| 999 |
_c15376 _d15376 |
||